|
|
|
|
| LEADER |
00000nam a2200000Ii 4500 |
| 001 |
DIGEDUNAV0138 |
| 003 |
NyNyDIG |
| 006 |
m o d |
| 007 |
cr ||||||||||| |
| 008 |
220609s2015 sp ob 000 0 spa d |
| 035 |
|
|
|a (OCoLC)1054060029
|
| 040 |
|
|
|a DGITA
|b eng
|e rda
|e pn
|c DGITA
|
| 020 |
|
|
|z 9788431330873
|
| 050 |
1 |
4 |
|a BT613 ebook
|
| 100 |
1 |
|
|a Bastero, Juan L.,
|e author.
|
| 245 |
1 |
0 |
|a Mariología /
|c Juan Luis Bastero, José Manuel Fidalgo.
|
| 264 |
|
1 |
|a Barañáin, Navarra :
|b EUNSA, Ediciones Universidad de Navarra,
|c [2015]
|
| 300 |
|
|
|a 1 online resource.
|
| 336 |
|
|
|a text
|b txt
|2 rdacontent
|
| 337 |
|
|
|a computer
|b c
|2 rdamedia
|
| 338 |
|
|
|a online resource
|b cr
|2 rdacarrier
|
| 347 |
|
|
|a text file
|2 rdaft
|
| 347 |
|
|
|b PDF
|
| 490 |
1 |
|
|a Manuales ICSR
|
| 504 |
|
|
|a Includes bibliographical references.
|
| 588 |
0 |
|
|a Online resource; title from PDF title page (Digitalia, viewed June 9, 2022)
|
| 600 |
0 |
0 |
|a Mary,
|c Blessed Virgin, Saint.
|
| 650 |
|
0 |
|a Theology, Doctrinal.
|
| 650 |
|
0 |
|a Catholic Church.
|
| 655 |
|
0 |
|a Electronic books.
|
| 700 |
1 |
|
|a Fidalgo, José Manuel,
|d 1968-
|e author.
|
| 791 |
2 |
|
|a Digitalia (Firm),
|e distributor.
|
| 793 |
0 |
|
|g Digitalia eBook Collection:
|a Ediciones Universidad de Navarra
|
| 776 |
0 |
8 |
|i Print version:
|a Bastero, Juan L.
|t Mariología.
|d Barañáin, Navarra : EUNSA, Ediciones Universidad de Navarra, [2015]
|z 9788431330873
|
| 830 |
|
0 |
|a Manuales del Instituto Superior de Ciencias Religiosas ;
|v 3.
|
| 856 |
4 |
0 |
|3 Digitalia Hispánica
|u https://www.digitaliapublishing.com/a/51473/
|
| 910 |
|
|
|a Premium collection: 2022
|